Dress Maisy / (Record no. 48492)
| 000 -LEADER | |
|---|---|
| fixed length control field | 00709nam a2200205 4500 |
| 020 ## - INTERNATIONAL STANDARD BOOK NUMBER | |
| International Standard Book Number | 0763607495 |
| 100 1# - MAIN ENTRY--PERSONAL NAME | |
| Personal name | Cousins, Lucy. |
| Relator term | Author. |
| 9 (RLIN) | 55447 |
| 245 10 - TITLE STATEMENT | |
| Title | Dress Maisy / |
| Statement of responsibility, etc | By Lucy Cousins. |
| 250 ## - EDITION STATEMENT | |
| Edition statement | 1st U.S. ed. in this form. |
| 260 ## - PUBLICATION, DISTRIBUTION, ETC. (IMPRINT) | |
| Place of publication, distribution, etc | Cambridge, Mass. : |
| Name of publisher, distributor, etc | Candlewick Press, |
| Date of publication, distribution, etc | 1999. |
| 300 ## - PHYSICAL DESCRIPTION | |
| Extent | 1 v. (unpaged) : |
| Other physical details | col. ill. ; |
| Dimensions | 21 cm. |
| 490 ## - SERIES STATEMENT | |
| Series statement | A Maisy sticker book |
| 521 ## - TARGET AUDIENCE NOTE | |
| Target audience note | "Not suitable for children under 36 months"--P. 4 of cover. |
| 650 #0 - SUBJECT ADDED ENTRY--TOPICAL TERM | |
| Topical term or geographic name as entry element | Toy and movable books |
| Form subdivision | Specimens. |
| 650 #1 - SUBJECT ADDED ENTRY--TOPICAL TERM | |
| Topical term or geographic name as entry element | Mice |
| Form subdivision | Fiction. |
| 650 #1 - SUBJECT ADDED ENTRY--TOPICAL TERM | |
| Topical term or geographic name as entry element | Clothing and dress |
| Form subdivision | Fiction. |
| 650 #1 - SUBJECT ADDED ENTRY--TOPICAL TERM | |
| Topical term or geographic name as entry element | Toy and movable books. |
| 942 ## - ADDED ENTRY ELEMENTS (KOHA) | |
| Source of classification or shelving scheme | |
| Koha item type | Book |
| Withdrawn status | Lost status | Source of classification or shelving scheme | Damaged status | Not for loan | Home library | Current library | Date acquired | Total Checkouts | Full call number | Barcode | Date last seen | Date checked out | Price effective from | Koha item type |
|---|---|---|---|---|---|---|---|---|---|---|---|---|---|---|
| Logos International School | Logos International School | 02/27/2025 | 3 | E COU | 040432 | 03/11/2026 | 03/04/2026 | 02/27/2025 | Book |